Football Club By Player - Statistics

General Stats
  • This quiz has been taken 95 times
    21 since last reset
  • The average score is 7 of 8
Answer Stats
Hint Answer % Correct
Lewandowski FC Barcelona
100%
Kylian Mbappe Real Madrid
100%
Harry Kane Bayern Munich
94%
Erling Haaland Manchester City
94%
Lionel Messi Inter Miami
83%
Neymar Jr Santos
83%
Pele (last culb) Santos
83%
Cristiano Ronaldo Al Nassr
61%
No matching quizzes found
Score Distribution
Percent of People with Each Score
Percentile by Number Answered
Your Score History
You have not taken this quiz since the last reset